Import indywidualny w Polsce w latach osiemdziesiatych.
Zaujímavá analýza subtrhu tovarov pochádzajúcich z individuálneho dovozu, ktorý bol tesne spätý so súbežným devízovým trhom. Ekonomický mechanizmus súkromného dovozu. Cenové relácie niektorých vyvážených tovarov. Efektívnosť súkromného dovozu. Vecná štruktúra súkromného obchodu so zahraničím.
Salvato in:
| Autore principale: | |
|---|---|
| Natura: | Capitolo di libro |
| Lingua: | polacco |
| Soggetti: | |
| Tags: |
Nessun Tag, puoi essere il primo ad aggiungerne!!
|
MARC
| LEADER | 00000naa a2200000 4500 | ||
|---|---|---|---|
| 001 | r005532 | ||
| 005 | 20221125123123.5 | ||
| 041 | 0 | |a pol | |
| 044 | |a PL | ||
| 245 | 1 | 0 | |a Import indywidualny w Polsce w latach osiemdziesiatych. |c M. Bednarski |
| 520 | |a Zaujímavá analýza subtrhu tovarov pochádzajúcich z individuálneho dovozu, ktorý bol tesne spätý so súbežným devízovým trhom. Ekonomický mechanizmus súkromného dovozu. Cenové relácie niektorých vyvážených tovarov. Efektívnosť súkromného dovozu. Vecná štruktúra súkromného obchodu so zahraničím. | ||
| 610 | 2 | 0 | |a dovoz |
| 610 | 2 | 0 | |a PR |
| 610 | 2 | 0 | |a 1980-1989 |
| 610 | 2 | 0 | |a trh |
| 610 | 2 | 0 | |a ceny |
| 610 | 2 | 0 | |a údaje štatistické |
| 100 | 1 | |a Bednarski, M. | |